000 00894nam a2200253 a 4500
001 000001732
003 DO-SdBNP
005 20260120073949.0
008 990915s2000 ck b 001 0 spa d
020 _a0789907860
040 _aDO-SdBNP
_bspa
_cBNPHU
_erda
041 1 7 _aeng
_hspa
082 _a248.4
_bM612c
100 1 _aMeyer, Joyce,
_d1943-
_95634
240 1 0 _aCómo tener éxito en aceptarte a ti mismo.
_lEspañol.
245 1 0 _aCómo tener éxito en aceptarte a ti mismo :
_bhallando la confianza para alcanzar tu destino /
_cJoyce Meyer ; traducción de María Ramsay.
260 _aColombia :
_bUnilit,
_c2000.
300 _a268 p. ;
_c21 cm.
534 _aTítulo original:
_tHow to succeed at being yourself
650 0 _aAutorrealización (Psicología)
_xAspectos religiosos
_9211
650 0 _aVida espiritual
_9268
700 1 _aRamsay, María
_etr.
_95636
942 _2ddc
_cLBS1
999 _c1610
_d1610